[Event "?"]
[Site "?"]
[Date "????.??.??"]
[Round "?"]
[White "Smith, D."]
[Black "Perk, E."]
[Result "0-1"]
[WhiteElo "2209"]
[BlackElo "2057"]
[PlyCount "106"]
[EventDate "2006.02.24"]

1. e4 c6 2. d4 d5 3. exd5 cxd5 4. Bd3 Nf6 5. c3 a6 6. Bf4 Bg4 7. Qb3 Qc8 8. Nd2
e6 9. Ngf3 Nc6 10. O-O Be7 11. Rae1 O-O 12. h3 Bh5 13. Ne5 Nxe5 14. dxe5 Nd7
15. Qc2 Bg6 16. Rc1 b5 17. Bxg6 fxg6 18. Bg3 Bg5 19. b3 Qc5 20. c4 Qb4 21. Rcd1
Bxd2 22. Qxd2 Qxd2 23. Rxd2 bxc4 24. bxc4 Nb6 25. cxd5 Nxd5 26. Rb2 a5 27. a3
Rfc8 28. Rb3 a4 29. Rb7 h6 30. Rd1 Ra6 31. Rdb1 Rac6 32. Kh2 Rc3 33. Ra7 Rb3
34. Rd1 Rxa3 35. Rd4 Kf8 36. Rdxa4 Rxa4 37. Rxa4 g5 38. Ra6 Kf7 39. Ra7+ Kg6
40. Rd7 Re8 41. h4 Re7 42. Rd6 g4 43. f3 gxf3 44. gxf3 Kf5 45. Ra6 h5 46. Ra4
Rb7 47. Kh3 Rb3 48. Kg2 Rb4 49. Ra7 Kg6 50. Ra6 Rb6 51. Ra4 Ne3+ 52. Kh3 Nf5
53. f4 Rb3 0-1

[Event "?"]
[Site "?"]
[Date "????.??.??"]
[Round "?"]
[White "Grabitz, G."]
[Black "Pemberton, C."]
[Result "1-0"]
[WhiteElo "2065"]
[BlackElo "1942"]
[PlyCount "47"]

1. d4 Nf6 2. Nf3 e6 3. Bf4 d5 4. e3 b6 5. Nbd2 Be7 6. Ne5 O-O 7. Bd3 Bb7 8. Qf3
Nbd7 9. Qh3 g6 10. Ndf3 Nh5 11. Bh6 Re8 12. g4 Ng7 13. Nxd7 Qxd7 14. Ne5 Qd8
15. Bxg7 Kxg7 16. Nxf7 Qd7 17. Qh6+ Kxf7 18. Qxh7+ Kf8 19. Qh6+ Kg8 20. Qxg6+
Kf8 21. Qh6+ Kg8 22. Bh7+ Kh8 23. Bg6+ Kg8 24. Qh7+ 1-0

[Event "?"]
[Site "?"]
[Date "????.??.??"]
[Round "?"]
[White "Flockhard, H."]
[Black "Hentzschel, E."]
[Result "1/2-1/2"]
[WhiteElo "1887"]
[BlackElo "1954"]
[PlyCount "60"]

1. e4 e5 2. Bc4 Nf6 3. d3 Be7 4. Nf3 d6 5. c3 c6 6. Bb3 Bg4 7. h3 Bd7 8. Nbd2
Na6 9. Nc4 Nc5 10. Bc2 Ne6 11. g3 Qc7 12. Ne3 O-O-O 13. Nf5 Rhe8 14. a4 g6 15.
Nxe7+ Rxe7 16. Ng5 Ng8 17. Bb3 h6 18. Nxe6 Bxe6 19. Bxe6+ Rxe6 20. O-O f5 21.
Qb3 Rf6 22. Be3 Kb8 23. f4 Qd7 24. Kh2 Rdf8 25. Rad1 fxe4 26. dxe4 Ne7 27. Qc4
Nc8 28. a5 Qf7 29. Qxf7 R8xf7 30. Kg2 exf4 1/2-1/2

[Event "?"]
[Site "?"]
[Date "????.??.??"]
[Round "?"]
[White "Eyer, K."]
[Black "Schwertel, J."]
[Result "0-1"]
[WhiteElo "2032"]
[BlackElo "2039"]
[PlyCount "118"]

1. e4 d5 2. exd5 Qxd5 3. Nc3 Qa5 4. Nf3 Bf5 5. Bc4 e6 6. O-O Nf6 7. d4 c6 8.
Bd2 Nbd7 9. Nd5 Qd8 10. Ne3 Bg6 11. Re1 Bd6 12. Nf1 O-O 13. Ne5 Nd5 14. Nxg6
hxg6 15. c3 Qc7 16. Qg4 N7f6 17. Qh4 Bf4 18. g3 Bd6 19. Re2 Be7 20. Rae1 Nh7
21. Qg4 Nhf6 22. Qf3 Nh7 23. h4 Rad8 24. Nh2 Bd6 25. Ng4 Nhf6 26. Ne5 Bxe5 27.
Rxe5 b5 28. Bb3 a5 29. Bg5 Rd7 30. g4 Nh7 31. Bd2 a4 32. Bc2 c5 33. dxc5 Qxc5
34. Bb1 Qc7 35. Bd3 Qb8 36. g5 b4 37. c4 Ne7 38. Bf4 Qd8 39. Bc2 Rd4 40. Rd1
Nf5 41. Bg3 a3 42. b3 Qd7 43. Rxd4 Qxd4 44. Bxf5 gxf5 45. Re1 Rd8 46. Bc7 Rc8
47. Qb7 Qd7 48. Qxb4 Qxc7 49. Qxa3 Qf4 50. Qa6 Rd8 51. Qb6 Rd4 52. c5 Qxh4 53.
c6 Nxg5 54. Qb8+ Kh7 55. Re3 Rd1+ 56. Kg2 Qh1+ 57. Kg3 Qg1+ 58. Kf4 Qg4+ 59.
Ke5 f6# 0-1

[Event "?"]
[Site "?"]
[Date "????.??.??"]
[Round "?"]
[White "Degenhardt, N."]
[Black "Ehlert, J."]
[Result "1/2-1/2"]
[WhiteElo "2134"]
[BlackElo "2029"]
[PlyCount "22"]
[EventDate "2006.02.24"]

1. e4 c5 2. Nf3 e6 3. d4 cxd4 4. Nxd4 a6 5. Bd3 Nf6 6. c4 Nc6 7. Nxc6 dxc6 8.
O-O e5 9. Nc3 Bc5 10. Bg5 h6 11. Bh4 O-O 1/2-1/2

[Event "?"]
[Site "?"]
[Date "????.??.??"]
[Round "?"]
[White "Kalmutzki, M."]
[Black "Jaeger, E."]
[Result "1/2-1/2"]
[WhiteElo "1990"]
[BlackElo "2070"]
[PlyCount "21"]
[EventDate "2006.02.24"]

1. d4 d5 2. e3 Nf6 3. f4 Bg4 4. Nf3 e6 5. Bd3 Be7 6. O-O Nbd7 7. Nbd2 O-O 8.
Qe1 c5 9. c3 cxd4 10. exd4 Rc8 11. Ne5 1/2-1/2

[Event "?"]
[Site "?"]
[Date "????.??.??"]
[Round "?"]
[White "Appelt, G."]
[Black "Wiemer, J."]
[Result "0-1"]
[WhiteElo "2054"]
[BlackElo "2115"]
[PlyCount "82"]

1. e4 e5 2. Nf3 Nc6 3. c3 Nf6 4. d4 exd4 5. e5 Qe7 6. Qe2 Nd5 7. cxd4 Qb4+ 8.
Qd2 d6 9. Nc3 Be6 10. a3 Qa5 11. Rb1 a6 12. b4 Qb6 13. Bc4 Nxc3 14. Qxc3 Bxc4
15. Qxc4 Qb5 16. Qe2 dxe5 17. dxe5 Be7 18. Rb2 O-O-O 19. Qxb5 axb5 20. O-O Rd3
21. Rd2 Rhd8 22. Rfd1 Rxd2 23. Rxd2 Rxd2 24. Bxd2 Kd7 25. Kf1 Ke6 26. Ke2 Nxe5
27. Nxe5 Kxe5 28. Bc3+ Kd5 29. Kd3 f6 30. g4 Bd6 31. h4 b6 32. Bd2 c5 33. f4
Bf8 34. Bc3 Be7 35. g5 fxg5 36. hxg5 g6 37. Bd2 Bd6 38. Be3 cxb4 39. axb4 Bxb4
40. Bxb6 Bc5 41. Ba5 b4 0-1

[Event "?"]
[Site "?"]
[Date "????.??.??"]
[Round "?"]
[White "Potthammel, J."]
[Black "Thum, F."]
[Result "1-0"]
[WhiteElo "2109"]
[BlackElo "1929"]
[PlyCount "61"]
[EventDate "2006.02.24"]

1. e4 c5 2. Nf3 d6 3. d4 cxd4 4. Nxd4 Nf6 5. Nc3 g6 6. Be3 Bg7 7. f3 Nc6 8. Qd2
O-O 9. O-O-O Nxd4 10. Bxd4 Be6 11. Kb1 Qc7 12. g4 Rfc8 13. h4 h5 14. gxh5 Nxh5
15. Bxg7 Kxg7 16. Bh3 Qd7 17. Bxe6 Qxe6 18. Rdg1 Rc5 19. f4 f5 20. Re1 Kf7 21.
Re3 Rac8 22. Rhe1 R8c7 23. Nd5 Rxc2 24. Nxc7 Rxd2 25. Nxe6 Kxe6 26. exf5+ Kxf5
27. Rxe7 Nxf4 28. Rf1 Kg4 29. Re4 Kxh4 30. Rexf4+ Kg5 31. Rf7 1-0

[Event "?"]
[Site "?"]
[Date "????.??.??"]
[Round "?"]
[White "Gafke, M."]
[Black "Schroeder, C."]
[Result "1-0"]
[WhiteElo "1935"]
[BlackElo "2055"]
[PlyCount "61"]

1. d4 d5 2. Nf3 c6 3. Bf4 Nf6 4. e3 e6 5. Ne5 Nbd7 6. Nd2 Nxe5 7. Bxe5 Bd6 8.
Nf3 O-O 9. c3 Ne4 10. Bd3 Bxe5 11. Nxe5 Nd6 12. Qc2 g6 13. h4 f5 14. O-O-O Qf6
15. f4 h5 16. Rdg1 Ne4 17. g4 hxg4 18. h5 g5 19. Bxe4 dxe4 20. Nxg4 fxg4 21.
Rxg4 Kh8 22. Rxg5 Bd7 23. Rg6 Qf5 24. Qg2 Rf7 25. Rg5 Qh7 26. Rg6 Rf5 27. h6
Qf7 28. Rg7 Qe8 29. h7 Rh5 30. Rxh5 Qxh5 31. Rg8+ 1-0

[Event "?"]
[Site "?"]
[Date "????.??.??"]
[Round "?"]
[White "Kunath, E."]
[Black "Stavenhagen, J."]
[Result "1/2-1/2"]
[WhiteElo "1985"]
[BlackElo "2019"]
[PlyCount "42"]

1. d4 f5 2. Nf3 e6 3. Bg5 Be7 4. Bxe7 Qxe7 5. Nbd2 Nf6 6. e3 b6 7. Be2 Bb7 8.
c4 O-O 9. O-O d6 10. b4 Nbd7 11. Nb3 Rad8 12. Qc2 Ne4 13. Nfd2 Qg5 14. Bf3 Ndf6
15. Qd3 Ba8 16. Rac1 Kh8 17. Qe2 h5 18. c5 dxc5 19. bxc5 bxc5 20. Nxc5 Nxc5 21.
Rxc5 Ne8 1/2-1/2

[Event "?"]
[Site "?"]
[Date "????.??.??"]
[Round "?"]
[White "Vasiukov, E."]
[Black "Murey, J."]
[Result "1-0"]
[WhiteElo "2493"]
[BlackElo "2472"]
[Annotator "011"]
[PlyCount "105"]

1. e4 e5 2. Nf3 Nc6 3. Bb5 g6 4. c3 a6 5. Ba4 Bg7 6. d4 exd4 7. cxd4 Nge7 8. d5
b5 9. Bc2 Na5 10. Nbd2 d6 11. O-O c6 12. a4 Bb7 13. dxc6 Bxc6 14. Nb3 Nxb3 15.
Bxb3 O-O 16. Re1 Qd7 17. axb5 axb5 18. Rxa8 Bxa8 19. Qd3 b4 20. h3 Bc6 21. Bg5
h6 22. Bf4 d5 23. Ne5 Bxe5 24. Bxe5 dxe4 25. Qxd7 Bxd7 26. Bd6 Re8 27. Rxe4 Nc6
28. Rxe8+ Bxe8 29. Ba4 Bd7 30. Kf1 Kg7 31. Bxb4 Nxb4 32. Bxd7 Kf6 33. Ke2 Ke7
34. Bb5 Kd6 35. g3 g5 36. Ke3 Ke5 37. Be8 Nd5+ 38. Kd3 f5 39. Kc4 f4 40. Bc6
Nb6+ 41. Kc5 fxg3 42. Kxb6 gxf2 43. Bg2 h5 44. b4 g4 45. Kc5 Kf4 46. hxg4 h4
47. g5 Kxg5 48. Kd4 Kf4 49. Bf1 Kg3 50. Ke3 h3 51. Bxh3 Kxh3 52. Kxf2 Kg4 53.
b5 1-0

[Event "?"]
[Site "?"]
[Date "????.??.??"]
[Round "?"]
[White "Chernikov, O."]
[Black "Rodkin, R."]
[Result "1-0"]
[WhiteElo "2411"]
[BlackElo "2233"]
[Annotator "013"]
[PlyCount "91"]

1. d4 Nf6 2. c4 c5 3. Nf3 g6 4. Nc3 Bg7 5. e4 O-O 6. Be2 d6 7. O-O b6 8. Re1 a6
9. a3 Nc6 10. d5 Na7 11. Bg5 h6 12. Bf4 Kh8 13. Be3 e5 14. dxe6 Bxe6 15. Qd2
Kh7 16. Rad1 Nc6 17. Qxd6 Nd4 18. Qxd8 Nxe2+ 19. Rxe2 Rfxd8 20. Nd5 Bf8 21. Bf4
Ne8 22. Red2 Rac8 23. Nxb6 Rxd2 24. Rxd2 Rc6 25. Nd5 g5 26. Be5 f6 27. Bg3 h5
28. h4 g4 29. Ne1 Bf7 30. Nc2 Nd6 31. Bxd6 Rxd6 32. Nce3 Re6 33. f3 Bh6 34. Rd3
Bg8 35. Kf2 Kg7 36. Rb3 Bxe3+ 37. Kxe3 gxf3 38. gxf3 f5 39. Rb7+ Bf7 40. Nf4
Rh6 41. exf5 Rh8 42. Nd5 Re8+ 43. Kf4 Re2 44. Nc7 a5 45. Ne6+ Kf6 46. Ng5 1-0

[Event "?"]
[Site "?"]
[Date "????.??.??"]
[Round "?"]
[White "Kaminik, A."]
[Black "Arkhangelsky, B."]
[Result "1/2-1/2"]
[WhiteElo "2239"]
[BlackElo "2384"]
[Annotator "014"]
[PlyCount "27"]

1. d4 d5 2. c4 e6 3. cxd5 exd5 4. Nc3 c6 5. Bf4 Bd6 6. Bg3 Nf6 7. e3 Bxg3 8.
hxg3 Bf5 9. Bd3 Bxd3 10. Qxd3 Nbd7 11. Nge2 Qe7 12. Rg1 h6 13. f3 Nb6 14. Kf2
1/2-1/2

[Event "?"]
[Site "?"]
[Date "????.??.??"]
[Round "?"]
[White "Rahls, P."]
[Black "Gutman, L."]
[Result "0-1"]
[WhiteElo "2334"]
[BlackElo "2465"]
[Annotator "021"]
[PlyCount "78"]

1. e4 c5 2. c3 Nf6 3. e5 Nd5 4. d4 cxd4 5. Nf3 g6 6. Qxd4 Nc7 7. Bc4 Bg7 8. Qh4
b5 9. Bb3 Bb7 10. Bh6 Bxh6 11. Qxh6 Bxf3 12. gxf3 Ne6 13. Nd2 Qc7 14. f4 Nc6
15. O-O g5 16. Bxe6 dxe6 17. Nf3 gxf4 18. Qxf4 Rg8+ 19. Kh1 f5 20. Rg1 O-O-O
21. Rxg8 Rxg8 22. Rg1 Rd8 23. Re1 Qb7 24. h3 Rd3 25. Kh2 Qd7 26. Re3 Rd1 27. a4
a6 28. axb5 axb5 29. b3 Rb1 30. b4 Rb2 31. Kg3 Qd5 32. Re1 Kb7 33. Qc1 Ra2 34.
Rd1 Qe4 35. Re1 Qc4 36. Qh6 Qxc3 37. Rc1 Qb2 38. Rxc6 Qxf2+ 39. Kf4 Ra3 0-1

[Event "?"]
[Site "?"]
[Date "????.??.??"]
[Round "?"]
[White "Brameyer, H."]
[Black "Hecht, H."]
[Result "1/2-1/2"]
[WhiteElo "2242"]
[BlackElo "2397"]
[Annotator "023"]
[PlyCount "28"]

1. d4 Nf6 2. Nf3 b6 3. e3 Bb7 4. Bd3 e6 5. O-O Be7 6. Nbd2 d5 7. Ne5 O-O 8. b3
Nbd7 9. Nxd7 Nxd7 10. f4 c5 11. c3 f5 12. g4 cxd4 13. cxd4 Qc8 14. Qe2 Nf6
1/2-1/2

[Event "?"]
[Site "?"]
[Date "????.??.??"]
[Round "?"]
[White "Klundt, K."]
[Black "Lieb, H."]
[Result "1-0"]
[WhiteElo "2381"]
[BlackElo "2242"]
[Annotator "024"]
[PlyCount "109"]

1. e4 e6 2. d3 d5 3. Nd2 Nf6 4. Ngf3 Bc5 5. Be2 dxe4 6. dxe4 Nc6 7. O-O O-O 8.
c3 a5 9. Qc2 e5 10. Nc4 Qe7 11. Bg5 h6 12. Bh4 g5 13. Bg3 Nh5 14. Rfe1 Nxg3 15.
hxg3 b5 16. Ncd2 Rb8 17. a4 bxa4 18. Rxa4 Qf6 19. Rf1 Be6 20. Bc4 Bd7 21. Bd5
Bb6 22. Nc4 Ne7 23. Nfxe5 Bxa4 24. Qxa4 Nxd5 25. Nd7 Qe6 26. exd5 Qg6 27. Qc6
Qxc6 28. dxc6 Rfd8 29. Nxb8 Rxb8 30. Rd1 a4 31. Kf1 Bc5 32. Ra1 Ra8 33. b4 Bf8
34. Ke2 Re8+ 35. Kd3 Re6 36. b5 Bc5 37. f3 a3 38. g4 Kg7 39. Nxa3 Re3+ 40. Kd2
Re5 41. Nc4 Rd5+ 42. Kc2 Bf2 43. Rb1 Kg6 44. Nd2 h5 45. Ne4 Bb6 46. gxh5+ Kf5
47. c4 Re5 48. h6 Kg6 49. Rh1 Re8 50. c5 Ba5 51. h7 Rh8 52. Ra1 Bb4 53. Kb3 f5
54. Kxb4 fxe4 55. b6 1-0

[Event "?"]
[Site "?"]
[Date "????.??.??"]
[Round "?"]
[White "Westerinen, H."]
[Black "Bachmann, K."]
[Result "1/2-1/2"]
[WhiteElo "2382"]
[BlackElo "2304"]
[Annotator "031"]
[PlyCount "33"]

1. e4 c5 2. Nf3 e6 3. Nc3 d6 4. d4 cxd4 5. Qxd4 a6 6. Be3 Nf6 7. Qb6 Qxb6 8.
Bxb6 Nbd7 9. Bd4 b5 10. e5 dxe5 11. Nxe5 Nxe5 12. Bxe5 Bb7 13. O-O-O Be7 14. f3
O-O 15. Bd3 Rfd8 16. Rhe1 Rac8 17. a3 1/2-1/2

[Event "?"]
[Site "?"]
[Date "????.??.??"]
[Round "?"]
[White "Rosen, W."]
[Black "Sorri, K."]
[Result "1/2-1/2"]
[WhiteElo "2268"]
[BlackElo "2286"]
[Annotator "032"]
[PlyCount "96"]

1. e4 e5 2. Nf3 Nc6 3. Nc3 g6 4. d4 exd4 5. Nxd4 Bg7 6. Be3 Nge7 7. Qd2 O-O 8.
O-O-O d6 9. h4 h5 10. Nxc6 bxc6 11. Bh6 Be6 12. Be2 d5 13. Bxg7 Kxg7 14. Qg5 f6
15. Qg3 Kh7 16. Bc4 Qd7 17. Rd2 Rad8 18. Rhd1 f5 19. Qe5 Rfe8 20. exd5 Nxd5 21.
Bxd5 Bxd5 22. Nxd5 cxd5 23. Rxd5 Rxe5 24. Rxd7+ Rxd7 25. Rxd7+ Kh6 26. Rxc7 Re2
27. c4 Rxf2 28. c5 Rf4 29. g3 Rc4+ 30. Kd2 f4 31. gxf4 Rxf4 32. c6 Rxh4 33.
Rxa7 Rc4 34. c7 h4 35. Ra4 Rxc7 36. Rxh4+ Kg5 37. Rd4 Kf5 38. a4 g5 39. a5 g4
40. Rd8 Rb7 41. Kc3 Rg7 42. Kb4 g3 43. a6 g2 44. Rd1 g1=Q 45. Rxg1 Rxg1 46. Kb5
Ke5 47. a7 Ra1 48. Kb6 Kd5 1/2-1/2

[Event "?"]
[Site "?"]
[Date "????.??.??"]
[Round "?"]
[White "Krueger, E."]
[Black "Hurme, H."]
[Result "0-1"]
[WhiteElo "2210"]
[BlackElo "2210"]
[Annotator "034"]
[PlyCount "96"]

1. d4 d5 2. c4 Nc6 3. cxd5 Qxd5 4. e3 e5 5. Nc3 Bb4 6. Bd2 Bxc3 7. Bxc3 exd4 8.
Ne2 Nf6 9. Nxd4 O-O 10. Nb5 Qg5 11. h4 Qh6 12. Nxc7 Bg4 13. Qb3 Rad8 14. Qxb7
Rd6 15. Bc4 Rfd8 16. Bb3 Ne4 17. Nb5 R6d7 18. Qa6 Nc5 19. Qa3 Nxb3 20. Qxb3
Rd1+ 21. Rxd1 Rxd1+ 22. Qxd1 Bxd1 23. Nd4 Bg4 24. Nxc6 Qxc6 25. f3 Be6 26. a3
Bc4 27. Kf2 Qd6 28. Bd4 f6 29. h5 a5 30. Rc1 Ba6 31. Rc5 a4 32. Ra5 Qc6 33. Rc5
Qe6 34. Rc7 h6 35. Ra7 Qc6 36. Bc3 Bb5 37. Bd4 Qd5 38. Rc7 Qxh5 39. Rc5 Qh4+
40. Kg1 Qe1+ 41. Kh2 Bf1 42. Rc2 Kh7 43. Bb6 h5 44. e4 f5 45. Bf2 Qb1 46. Rc7
Kg6 47. Bd4 Qd1 48. Bf2 Qd6+ 0-1

[Event "?"]
[Site "?"]
[Date "????.??.??"]
[Round "?"]
[White "Khanukov, B."]
[Black "Vucenovic, D."]
[Result "1-0"]
[WhiteElo "2358"]
[BlackElo "2307"]
[Annotator "042"]
[PlyCount "103"]

1. Nf3 Nf6 2. c4 e6 3. g3 b6 4. Bg2 Bb7 5. O-O c5 6. Nc3 Be7 7. Re1 O-O 8. e4
d6 9. d4 cxd4 10. Nxd4 Qc8 11. b3 Rd8 12. Bb2 a6 13. h3 Nbd7 14. Na4 Qc7 15.
Qe2 Rac8 16. g4 Nf8 17. g5 N6d7 18. h4 Ng6 19. Qg4 Nge5 20. Qg3 Nc5 21. Nxc5
bxc5 22. Nc2 Bf8 23. h5 Rb8 24. h6 g6 25. Qc3 f6 26. f4 Nf7 27. Qxf6 Qe7 28.
Ne3 e5 29. Nd5 Bxd5 30. Qxe7 Bxe7 31. exd5 Re8 32. Re2 exf4 33. Rae1 Ne5 34.
Bxe5 dxe5 35. Rxe5 Kf8 36. R1e4 Bd6 37. Rxf4+ Kg8 38. Rxe8+ Rxe8 39. Rf6 Be7
40. Rxa6 Bxg5 41. d6 Bxh6 42. d7 Rd8 43. Bh3 Rf8 44. a4 Kf7 45. a5 Rb8 46. Rc6
Bg5 47. Rc8 Rxb3 48. Bg2 Ra3 49. Bd5+ Kg7 50. d8=Q Bxd8 51. Rxd8 Rxa5 52. Rd7+
1-0

[Event "?"]
[Site "?"]
[Date "????.??.??"]
[Round "?"]
[White "Karl, H."]
[Black "Bakhmatov, E."]
[Result "1/2-1/2"]
[WhiteElo "2244"]
[BlackElo "2390"]
[Annotator "043"]
[PlyCount "65"]

1. d4 Nf6 2. c4 c5 3. d5 d6 4. Nc3 g6 5. e4 Bg7 6. f3 O-O 7. Bg5 Qa5 8. Qd2 Re8
9. Nge2 e6 10. Nc1 exd5 11. cxd5 a6 12. Nb3 Qc7 13. a4 Nbd7 14. Be2 Rb8 15. O-O
Nf8 16. Bc4 N6d7 17. Be2 f6 18. Be3 Ne5 19. Kh1 Bd7 20. f4 Nf7 21. Bf3 b5 22.
axb5 axb5 23. Na5 b4 24. Ne2 Bb5 25. Rfc1 Ra8 26. Nc6 Bxc6 27. dxc6 Rxa1 28.
Rxa1 Qxc6 29. e5 Qb6 30. exd6 Nxd6 31. Qd5+ Ne6 32. Rc1 Nf7 33. Bxc5 1/2-1/2

[Event "?"]
[Site "?"]
[Date "????.??.??"]
[Round "?"]
[White "Ljuboschiz, A."]
[Black "Hohler, P."]
[Result "1/2-1/2"]
[WhiteElo "2220"]
[BlackElo "2183"]
[Annotator "044"]
[PlyCount "130"]

1. e4 e5 2. Nf3 Nc6 3. Bc4 Nf6 4. d3 Be7 5. O-O O-O 6. Re1 d6 7. a4 Na5 8. Ba2
c5 9. Nbd2 Nc6 10. c3 Be6 11. Nf1 Bxa2 12. Rxa2 d5 13. Qe2 d4 14. Ng3 g6 15. h4
h5 16. Bg5 Nh7 17. Bxe7 Qxe7 18. Qd2 Rad8 19. Ne2 Rfe8 20. Rb1 dxc3 21. bxc3 c4
22. Nc1 b6 23. Qe3 cxd3 24. Nxd3 Nf6 25. Nb4 Nxb4 26. cxb4 Rd6 27. a5 Red8 28.
axb6 Rd1+ 29. Rxd1 Rxd1+ 30. Ne1 axb6 31. f3 Qxb4 32. Kf2 Kg7 33. Re2 Qd4 34.
Nc2 Qxe3+ 35. Nxe3 Rb1 36. Nc4 Nd7 37. Rd2 Rc1 38. Ne3 Rc7 39. Rb2 Rb7 40. Rb5
Kf8 41. Nc4 f6 42. g4 hxg4 43. fxg4 Ke7 44. h5 Kf8 45. Kg3 Kg7 46. Kh4 Rc7 47.
Rd5 Nc5 48. Nd6 Ra7 49. g5 fxg5+ 50. Kxg5 Ne6+ 51. Kg4 Nf4 52. Rxe5 Nxh5 53.
Rb5 Nf6+ 54. Kf4 Nd7 55. e5 Ra4+ 56. Kf3 Ra3+ 57. Kf4 Ra4+ 58. Kf3 Ra3+ 59. Ke4
Ra4+ 60. Kd5 Nxe5 61. Kxe5 Ra5 62. Ke6 Rxb5 63. Nxb5 g5 64. Kf5 g4 65. Kxg4 Kf6
1/2-1/2

[Event "?"]
[Site "?"]
[Date "????.??.??"]
[Round "?"]
[White "Rodriguez, O."]
[Black "Raedeker, B."]
[Result "1-0"]
[WhiteElo "2426"]
[BlackElo "2238"]
[Annotator "051"]
[PlyCount "85"]

1. d4 d5 2. c4 dxc4 3. Nf3 Nf6 4. e3 a6 5. a4 e6 6. Bxc4 c5 7. O-O Nc6 8. Qe2
Qc7 9. Nc3 Be7 10. b3 Na5 11. d5 Nxc4 12. bxc4 exd5 13. cxd5 Bg4 14. e4 Nd7 15.
Qe3 Bxf3 16. Qxf3 Bd6 17. Qh3 Be5 18. f4 Bd4+ 19. Kh1 O-O 20. e5 f5 21. Rb1 Nb6
22. d6 Qc6 23. Rxb6 Qxb6 24. Nd5 Qb1 25. Ne7+ Kh8 26. Ng6+ Kg8 27. Nxf8 Rxf8
28. Qf3 Rd8 29. Be3 Qb3 30. Bxd4 Qxf3 31. Rxf3 cxd4 32. h4 Kf7 33. Rd3 Ke6 34.
Rxd4 g6 35. Kg1 h6 36. Kf2 g5 37. g3 b5 38. axb5 axb5 39. Ke2 Ra8 40. d7 Rd8
41. Rd6+ Ke7 42. hxg5 hxg5 43. fxg5 1-0

[Event "?"]
[Site "?"]
[Date "????.??.??"]
[Round "?"]
[White "Hottes, D."]
[Black "Bautista Sanchez, J."]
[Result "0-1"]
[WhiteElo "2185"]
[BlackElo "2234"]
[Annotator "052"]
[PlyCount "58"]
[EventDate "2006.02.24"]

1. c4 Nf6 2. Nc3 e6 3. Nf3 d5 4. d4 Be7 5. g3 O-O 6. Bg2 c6 7. O-O b6 8. Ne5
Ba6 9. b3 b5 10. Re1 Nfd7 11. cxb5 Nxe5 12. bxa6 Ned7 13. e4 Bb4 14. Bd2 Nxa6
15. a3 Bd6 16. Qe2 Nc7 17. Rec1 a6 18. Qd3 Nb6 19. Na2 Bxa3 20. Rxc6 Nb5 21.
Ba5 Rb8 22. exd5 Bb2 23. Rd1 Bxd4 24. Nb4 Qf6 25. Nxa6 Nxd5 26. Nxb8 Qxf2+ 27.
Kh1 Ne3 28. Rg1 Ng4 29. Rf1 Qg1+ 0-1

[Event "?"]
[Site "?"]
[Date "????.??.??"]
[Round "?"]
[White "Anguera Maestro, J."]
[Black "Schmidt, H."]
[Result "1-0"]
[WhiteElo "2220"]
[BlackElo "2221"]
[Annotator "053"]
[PlyCount "89"]

1. d4 d5 2. c4 c6 3. e3 Nf6 4. Nf3 Bf5 5. Nc3 e6 6. Ne5 Nbd7 7. f4 Ne4 8. Nf3
Be7 9. Be2 Ndf6 10. O-O O-O 11. Nd2 Qa5 12. Ncxe4 Bxe4 13. Bf3 Rfd8 14. c5 Bxf3
15. gxf3 b6 16. Nb3 Qb5 17. a4 Qa6 18. Qc2 Qc4 19. Rf2 bxc5 20. dxc5 Rab8 21.
Nd4 Bxc5 22. Nxc6 Rbc8 23. Nxd8 Rxd8 24. Qxc4 dxc4 25. Bd2 Nd5 26. Re1 Nxf4 27.
Ba5 Rd5 28. Rd2 Nd3 29. Ree2 Nf4 30. Kf2 Nxe2 31. Kxe2 Kf8 32. Rc2 Bd6 33. Be1
Rh5 34. h4 g5 35. Rxc4 f5 36. hxg5 Rxg5 37. Bb4 Rg2+ 38. Kf1 Rxb2 39. Bxd6+ Kf7
40. Rc7+ Kg6 41. Rg7+ Kf6 42. Rxh7 a6 43. Ra7 Rb6 44. Bc7 Rc6 45. a5 1-0

[Event "?"]
[Site "?"]
[Date "????.??.??"]
[Round "?"]
[White "Gabriel, J."]
[Black "Coll, E."]
[Result "1-0"]
[WhiteElo "2200"]
[BlackElo "2171"]
[Annotator "054"]
[PlyCount "51"]

1. c4 e5 2. Nc3 Nc6 3. Nf3 d6 4. d4 Bg4 5. d5 Nce7 6. e4 h6 7. Be2 Nf6 8. Be3
Bh5 9. Nd2 Bg6 10. O-O Bh7 11. b4 g5 12. c5 Bg7 13. Bb5+ Kf8 14. Qb3 Ng4 15.
Nc4 Nxe3 16. Nxe3 f5 17. Be2 f4 18. Nc4 h5 19. Bxh5 Bxe4 20. Nxe4 Rxh5 21. cxd6
cxd6 22. Ncxd6 Qd7 23. Rac1 Nc8 24. Nxc8 Rxc8 25. Nc5 Qe8 26. d6 1-0

[Event "?"]
[Site "?"]
[Date "????.??.??"]
[Round "?"]
[White "Johannessen, S."]
[Black "Wade, R."]
[Result "1/2-1/2"]
[WhiteElo "2252"]
[BlackElo "2171"]
[Annotator "061"]
[PlyCount "25"]

1. d4 d5 2. c4 e6 3. Nc3 Nf6 4. cxd5 exd5 5. Bg5 c6 6. e3 h6 7. Bxf6 Qxf6 8.
Bd3 Nd7 9. Nf3 Bb4 10. O-O O-O 11. e4 dxe4 12. Nxe4 Qf5 13. a3 1/2-1/2

[Event "?"]
[Site "?"]
[Date "????.??.??"]
[Round "?"]
[White "Byway, P."]
[Black "Hoen, R."]
[Result "1/2-1/2"]
[WhiteElo "2203"]
[BlackElo "2280"]
[Annotator "062"]
[PlyCount "25"]

1. d4 d5 2. c4 e6 3. Nc3 Nf6 4. Bg5 Be7 5. cxd5 exd5 6. e3 O-O 7. Qc2 c6 8. Bd3
Nbd7 9. Nf3 Re8 10. O-O Nf8 11. Bxf6 Bxf6 12. b4 Bg4 13. Nd2 1/2-1/2

[Event "?"]
[Site "?"]
[Date "????.??.??"]
[Round "?"]
[White "Kristiansen, E."]
[Black "James, G."]
[Result "1-0"]
[WhiteElo "2232"]
[BlackElo "2201"]
[Annotator "063"]
[PlyCount "81"]

1. e4 e5 2. Nf3 Nc6 3. Bc4 Nf6 4. Ng5 d5 5. exd5 Na5 6. d3 h6 7. Nf3 Bd6 8.
Bb5+ c6 9. dxc6 bxc6 10. Ba4 O-O 11. h3 Ba6 12. Nc3 Re8 13. Nd2 Bb4 14. Qf3
Bxc3 15. bxc3 e4 16. Nxe4 Nxe4 17. dxe4 Qd5 18. Bb3 Qxe4+ 19. Qxe4 Rxe4+ 20.
Be3 Rd8 21. Rd1 Rxd1+ 22. Kxd1 Re7 23. Kc1 Nc4 24. Bc5 Rd7 25. Re1 Kh7 26. Re8
Nb6 27. h4 Bf1 28. g3 Nd5 29. Rc8 Nxc3 30. Rxc6 a6 31. Kb2 Ne4 32. Be3 Rb7 33.
Ka3 h5 34. c4 a5 35. Ka4 Bg2 36. Rb6 Re7 37. Bc2 g6 38. Rb8 Nd6 39. Bd4 Bc6+
40. Kxa5 Nxc4+ 41. Kb4 1-0

[Event "?"]
[Site "?"]
[Date "????.??.??"]
[Round "?"]
[White "Littlewood, J."]
[Black "Turikov, J E."]
[Result "0-1"]
[WhiteElo "2275"]
[BlackElo "2345"]
[Annotator "081"]
[PlyCount "128"]

1. e4 c6 2. d3 d5 3. Nd2 e5 4. Ngf3 Bd6 5. g3 Ne7 6. Bg2 O-O 7. O-O Nd7 8. Re1
d4 9. c3 c5 10. Nc4 Bc7 11. a4 Nc6 12. Rb1 Qe7 13. cxd4 cxd4 14. b4 a6 15. b5
axb5 16. axb5 Nd8 17. b6 Bd6 18. Nxd6 Qxd6 19. Qb3 Ra6 20. Bd2 Nc6 21. Qd5 Qe7
22. Bg5 Nf6 23. Qb5 h6 24. Bd2 Nd7 25. Nh4 Nxb6 26. Nf5 Qf6 27. Ra1 Na7 28. Qb4
Bd7 29. Ne7+ Kh7 30. Nd5 Nxd5 31. Qxf8 Nc3 32. Qb8 Qb6 33. Rxa6 Qxa6 34. Bf1
Nc6 35. Qd6 Be6 36. Qc5 Qa4 37. Rc1 Qa2 38. Bxc3 dxc3 39. Qxc3 Nd4 40. Ra1 Qb3
41. Qxb3 Bxb3 42. f4 b5 43. Kf2 Bc2 44. fxe5 b4 45. Ke3 Nc6 46. Ra6 Nxe5 47.
Rb6 b3 48. d4 Ng4+ 49. Kf4 Nf2 50. Bc4 g5+ 51. Ke3 Ng4+ 52. Kd2 Nxh2 53. Bxf7
Nf1+ 54. Ke1 Nxg3 55. e5 h5 56. Bxb3 Bg6 57. Rb7+ Kh6 58. d5 h4 59. Kf2 Ne4+
60. Kg2 Nc5 61. Re7 Be4+ 62. Kg1 g4 63. Bd1 g3 64. Bg4 Bxd5 0-1

[Event "?"]
[Site "?"]
[Date "????.??.??"]
[Round "?"]
[White "Golcman, E."]
[Black "Richardson, K B."]
[Result "1/2-1/2"]
[WhiteElo "2317"]
[BlackElo "2236"]
[Annotator "082"]
[PlyCount "58"]

1. c4 Nf6 2. Nc3 g6 3. e4 d6 4. d4 Bg7 5. f3 O-O 6. Be3 Nbd7 7. Qd2 c5 8. Nge2
a6 9. Nc1 e6 10. dxc5 dxc5 11. Nb3 Qc7 12. Rd1 Re8 13. Qd6 Qxd6 14. Rxd6 Bf8
15. Rd2 b6 16. Be2 Bb7 17. Kf2 Bc6 18. Rhd1 Be7 19. g4 Rad8 20. Bf4 e5 21. Bg3
h5 22. h3 h4 23. Bh2 Nh7 24. Nd5 Bg5 25. Rd3 Rc8 26. Ne3 Nhf8 27. Na1 Red8 28.
Nac2 Ne6 29. Nd5 Nd4 1/2-1/2

[Event "?"]
[Site "?"]
[Date "????.??.??"]
[Round "?"]
[White "Macdonald-Ross, M."]
[Black "Krylov, S."]
[Result "0-1"]
[WhiteElo "2207"]
[BlackElo "2253"]
[Annotator "083"]
[PlyCount "70"]

1. d4 Nf6 2. g3 g6 3. Bg2 Bg7 4. e4 d6 5. Nc3 c6 6. Nge2 O-O 7. h3 e5 8. Be3
Nbd7 9. a4 Re8 10. O-O b6 11. g4 Ba6 12. Re1 Bxe2 13. Rxe2 h5 14. Rd2 Qe7 15.
f4 exf4 16. Bxf4 hxg4 17. hxg4 Qe6 18. Bf3 d5 19. exd5 Nxd5 20. Nxd5 cxd5 21.
Ra3 Qf6 22. Bg3 Qg5 23. Rg2 Nf6 24. c4 Rad8 25. c5 Ne4 26. Bh2 bxc5 27. dxc5
Nxc5 28. b4 Ne4 29. Rd3 Rc8 30. Rc2 Nc3 31. Qf1 Qh4 32. Kg2 Ne4 33. Re2 Nc3 34.
Rxe8+ Rxe8 35. Bg3 Nb5 0-1